| 000 | 00542nam a22001457a 4500 | ||
|---|---|---|---|
| 008 | 230525b |||||||| |||| 00| 0 eng d | ||
| 040 |
_aNational Science Library _cNational Science Library |
||
| 080 |
_aR 334.746.3/.4:6(540) _bM8 |
||
| 245 |
_aTechnology, equipment and services: _bFrom small and medium enterprises in India _c/ National Alliance of Young Entrepreneurs |
||
| 260 |
_aNew Delhi: _bNational Alliance of Young Entrepreneurs, _c1988 |
||
| 300 | _axii, 379p. | ||
| 650 | _aEconomics | ||
| 653 | _aEnterprises | ||
| 942 |
_2udc _cREF |
||
| 999 |
_c34788 _d34788 |
||